000 00771cam a2200229 a 4500
001 000005630
005 20200929151728.0
008 780324s1970 sp 001 0 spa
040 _aDO-SdBNP
_cRUn
_dDLC
082 _a863.44
_bM285m
100 1 _aManrique de Lara, José Gerardo,
_d1922-
_915898
245 1 3 _aEl mundo negro /
_cJosé Gerardo Manrique de Lara.
260 _aMadrid :
_bEPESA,
_c1970.
300 _a188 p. ;
_c17 cm.
490 1 _aGrandes escritores contemporáneos
_vno. 28
490 1 _aPanoramas
500 _aEdiciones y Publicaciones Españolas.
650 4 _aCuentos españoles
_93194
650 4 _aLiteratura española
_9632
830 0 _aGrandes escritores contemporáneos.
_ppanoramas ;
_vno. 28
_915899
910 _aCatalogación por copia / LC
999 _c5429
_d5429